| 000 | 00813nam a22002537a 4500 | ||
|---|---|---|---|
| 999 |
_c200448061 _d66273 |
||
| 003 | TR-AnTOB | ||
| 005 | 20240509104657.0 | ||
| 007 | ta | ||
| 008 | 220314s2007 tu a|||| |||| 00| 0 tur d | ||
| 040 |
_aTR-AnTOB _beng _erda _cTR-AnTOB |
||
| 041 | _atur | ||
| 050 |
_aHF331.T9 _bB59 2007 |
||
| 090 |
_aHF331.T9 _bB59 2007 |
||
| 999 | _aSA 14.03.2022 | ||
| 110 | 2 |
_aBodrum Ticaret Odası _9136063 |
|
| 245 |
_aÇağdaş Özgün Bodrum İçin : _bBodrum Ticaret Odası 6. Dönem Faaliyet Raporu / _cBodrum Ticaret Odası |
||
| 264 | 1 |
_aBodrum : _bBodrum Ticaret Odası, _c[2007] |
|
| 300 |
_a48 pages : _billustrations ; _c20 cm |
||
| 336 |
_atext _btxt _2rdacontent |
||
| 337 |
_aunmediated _bn _2rdamedia |
||
| 338 |
_avolume _bnc _2rdacarrier |
||
| 650 | 0 |
_aTicaret odaları _zTürkiye _933091 |
|
| 942 |
_2lcc _cBK |
||